NFL Most Interceptions Thrown - Statistics

General Stats
  • This quiz has been taken 36 times
  • The average score is 5 of 15
Answer Stats
Interceptions
Thrown
Quarterback % Correct
336 Brett Favre
87%
244 Eli Manning
73%
251 Peyton Manning
73%
243 Drew Brees
60%
252 Dan Marino
47%
242 Warren Moon
33%
233 John Elway
27%
253 Johnny Unitas
23%
267 Vinny Testaverde
23%
266 Fran Tarkenton
20%
277 George Blanda
10%
268 John Hadl
10%
243 Dan Fouts
7%
257 Norm Snead
7%
247 Jim Hart
3%
No matching quizzes found
Score Distribution
Percent of People with Each Score
Percentile by Number Answered
Your Score History
You have not taken this quiz